00307nam a2200121 4500020001800000082001600018100001300034245005600047260004300103300001000146650001000156650001900166 a0780632020218 a546.226 DET aWest,T.S aThe determination of trace metals in natural waters aOxfordbBlackwell scientific pubc1988 a360 p awater atrace elements